1055 1819 1534 1711 1853 1309 1627 1630 1245 1075 1228 1794 1859 1236 1105 1520 1570 1279 1723 1469 1216 1291 1661 1674 1186 1330 1140 1495 1569 1498 1029 1836 1357 1703 1104 1656 1950 1163 1868 1518 1587 1468 1972 1727 1694 1214 1243 1322 1164 1680 1196 1589 1282 1757 1589 1203 1122 1905 1634 1634 1856 1050 1899 1699 1396 1331 1714 1739 1672 1145 1771 1437 1019 1989 1973 1982 1471 1928 1403 1432 1005 1392 1684 1715 1627 1616 1208 1292 1394 1882 1903 1194 1894 1743 1748 1096 1939 1472 1620 BCNSPRNW ULIB Ver.6.0+V

เปลี่ยนเป็นภาษาไทย

Change to English
 แสดงรายละเอียดบรรณานุกรม
  กลับหน้าหลัก

Brief Record : Get Marc (ISO 2709) : E-mail record : QR code < ปิดหน้าต่าง
LEADER : 00000nam 2200000uu 4500
001    13399128473
003     ULIB
008    230829s2022||||th 000 0 tha d
020    ^a9781264285839 (v. 2)
060 04 ^aWB115^bH322^cV.2
245 00 ^aHarrison s principles of internal medicine /^ceditors:Joseph Loscalzo ... [et al.]
246 30 ^aPrinciples of internal medicine
250    ^a21th ed.
260    ^aNew York :^bMcGraw-Hill,^c2022
300    ^a2 v. :^bill. (some col.), col. maps ;^c29 cm.
504    ^aIncludes bibliographical references and index
650  2 ^aInternal Medicine
700 1  ^aLoscalzo, Joseph,^eed.
700 1  ^aHarrison, Tinsley Randolph,^d1900-
945    ^p8560^l0^i010217
999    ^aประนอม เกษจรัล
รายการนี้ยังไม่มีแท็ก
คุณยังไม่ได้ล็อกอิน คุณสามารถมีกิจกรรมร่วมกับเว็บไซต์ได้ แต่ต้องล็อกอินก่อน ::
  ล็อกอิน

รายการสื่อสารสนเทศ

ลำดับที่ ประเภท เลขเรียก/บาร์โค้ด สถานที่ สถานะ
1. วิทยาศาสตร์การแพทย์ และสุขภาพ
วิทยาศาสตร์การแพทย์ และสุขภาพ
WB115 H322 V.2 ฉ.1 
  Barcode: 010217
ห้องสมุดวิทยาเขตสวรรค์ประชารักษ์
►หนังสือทั่วไป
บนชั้น

รายการใกล้เคียง
    หัวเรื่อง [Internal Medicine]

BibComment


ยังไม่เคยถูกคอมเมนท์

คอมเมนท์ทรัพยากรรายการนี้
  คอมเมนท์: Harrison s princ..


 Copyright 2026. Bcnsprnw @Library